Historia de una gaviota y del gato que le enseñó a volar

Saved in:
Bibliografiske detaljer
Hovedforfatter: Sepúlveda, Luis (Author)
Format: Bog
Sprog:spansk
Udgivet: Barcelona TusQuets 1999
Udgivelse:15a. ed
Serier:Colección Andanzas, 280
Fag:
Tags: Tilføj Tag
Ingen Tags, Vær først til at tagge denne postø!

MARC

LEADER 00000cam a2200000 a 4500
001 UCH6083
003 CL-VaPUC
008 091109e19990000SP |||||||||||||||||spa|d
020 |a 8472237966 
082 0 4 |a Ch863  |b SEP  |2 21 
100 0 |a Sepúlveda, Luis  |e author  |9 542459 
245 1 0 |a Historia de una gaviota y del gato que le enseñó a volar 
250 |a 15a. ed 
300 |a 138 p 
942 |c BK 
945 |d 20091109 00:00:00  |a ccalabra 
260 |a Barcelona  |b TusQuets  |c 1999 
650 0 |a Literatura chilena   |9 308278 
650 0 |a Novelas chilenas   |9 265425 
583 |a last modification  |c 20130528 01:13:12  |k Rodrigo Vera 
490 0 |a Colección Andanzas, 280 
999 |c 337043  |d 337041